हिन्दी की ख्याल लावनी परम्परा (Record no. 1118583)

MARC details
000 -LEADER
fixed length control field 00855nam a2200241Ia 4500
003 - CONTROL NUMBER IDENTIFIER
control field OSt
005 - DATE AND TIME OF LATEST TRANSACTION
control field 20221006164822.0
008 - FIXED-LENGTH DATA ELEMENTS--GENERAL INFORMATION
fixed length control field 221006b |||||||| |||| 00| 0 hin d
037 ## - SOURCE OF ACQUISITION
Terms of availability Textual
040 ## - CATALOGING SOURCE
Original cataloging agency FML
Transcribing agency FML
Language of cataloging hin
041 ## - LANGUAGE CODE
Source of code hin
Language code of text/sound track or separate title hin
100 ## - MAIN ENTRY--PERSONAL NAME
Personal name अग्रवाल, राम नारायण, ले.
9 (RLIN) 167624
245 #0 - TITLE STATEMENT
Title हिन्दी की ख्याल लावनी परम्परा
246 ## - VARYING FORM OF TITLE
Title proper/short title Hindī kī khyāl lāvanī paramparā
260 ## - PUBLICATION, DISTRIBUTION, ETC.
Place of publication, distribution, etc. नई दिल्ली,
Name of publisher, distributor, etc. राधाकृष्ण प्रकाशन
Date of publication, distribution, etc. 1987
300 ## - PHYSICAL DESCRIPTION
Extent 294
Dimensions cm.
942 ## - ADDED ENTRY ELEMENTS (KOHA)
Classification part Y744:351 M7-;I
Koha item type Textual
Source of classification or shelving scheme Colon Classification (CC)

No items available.

Copyright @ Delhi University Library System